000 01501nam a2200337 4500
001 0000024372
005 20250329172016.0
007 ta
008 160628s1987 000 0 eng d
020 _a8475390412
040 _aCO-CtgCURN
_bspa
_ccoctgcurn
082 0 _aR372.2103
_bE52t
245 0 0 _aEnciclopedia preescolar :
_bjugar y aprender /
_ctraducción Ana Bermejo; dirección editorial Miguel Azaola.
260 1 _aBilbao : :
_bAsuri de Ediciones,,
_c1987.
300 _a6 v. :
_billsutrado fotografias.
505 8 _av.1: La salud y los alimentos.-- v.2: El tiempo que pasa.-- v.3: El transporte y la comunicacion.-- v.4: El trabajo y el recreo.-- v.5: La naturaleza.-- v.6: La ciudad y el mundo
650 1 4 _aTransporte
_xDicciónarios, enciclopedias, etc.
650 1 4 _aTrabajo
_vDicciónarios, enciclopedias, etc.
650 1 4 _aRecreacion
_vDicciónarios, enciclopedias, etc.
650 1 4 _aNaturaleza
_vDicciónarios, enciclopedias, etc.
700 1 _aAzaola, Miguel,
_eEditor.
700 1 _aBermejo Baro, Ana,
_eTraductor.
908 _a160627
942 _cREF
_hR372.2103
_iE52t
999 _c7254
_d7254